Famous Faces by Wedding Photo Quiz Stats

 Plays Quiz not verified by Sporcle

Challenge
Share
Tweet
Score 0/18 Timer 04:00
0 Plays Today
Number Name % Correct
1.Tom Cruise and Katie Holmes
91%
15.Prince Charles and Princess Diana
89.1%
4.Nicole Kidman and Keith Urban
86.2%
13.Michael Douglas & Catherine Zeta-Jones
83.5%
8.Ellen Degeneres and Portia de Rossi
81.7%
12.Tiger Woods and Elin Nordegren
80.3%
9.David Beckham and Victoria Beckham
79.3%
11.Eddie Murphy and Tracey Edmonds
79%
6.Jennifer Aniston and Brad Pitt
77.5%
Number Name % Correct
7.Elvis Presley and Priscilla Presley
74.5%
3.Barack Obama and Michelle Obama
70.6%
5.Gwen Stefani and Gavin Rossdale
66.9%
16.Demi Moore and Ashton Kutcher
66.3%
17.Eva Longoria and Tony Parker
66.3%
18.Charlie Sheen and Denise Richards
63.2%
2.Heidi Montag and Spencer Pratt
48.8%
14.Liza Minnelli & David Gest
48.6%
10.Madonna and Guy Ritchie
43.4%

You're not logged in!

Compare scores with friends on all Sporcle quizzes.
OR
Log In

You Might Also Like...

Show Comments

Extras

Top Quizzes Today


Score Distribution

Your Account Isn't Verified!

In order to create a playlist on Sporcle, you need to verify the email address you used during registration. Go to your Sporcle Settings to finish the process.

Report this User

Report this user for behavior that violates our Community Guidelines.

Details: